| Поле | Название | Значение |
| |
Тип записи |
a |
| |
Библиографический уровень |
m |
| 001 |
Контрольный номер |
d1d52e34f3c7451d897e66116fa59981 |
| 005 |
Дата корректировки |
20250522153159.2 |
| 010 |
Индекс ISBN |
__ |
| a |
ISBN |
978-5-17-147262-7 |
| b |
Уточнения |
в пер. |
| 100 |
Данные общей обработки |
__ |
| a |
Данные общей обработки |
20250421d 0rusy0189## ca |
| 101 |
Язык документа |
0_ |
| a |
Язык текста |
rus |
| 102 |
Страна публикации |
__ |
| a |
Страна публикации |
RU |
| 200 |
Заглавие и сведения об ответственности |
1_ |
| a |
Заглавие |
Тёплый хлеб |
| e |
Сведения, относящиеся к заглавию |
сказки и рассказы |
| e |
Сведения, относящиеся к заглавию |
для среднего школьного возраста |
| f |
Первые сведения об ответственности |
К. Паустовский |
| g |
Последующие сведения об ответственности |
худож.: И. Цыганков |
| 210 |
Выходные данные |
1_ |
| a |
Место издания |
Москва |
| c |
Издательство |
АСТ |
| d |
Дата издания |
2024 |
| 215 |
Физическое описание |
__ |
| a |
Объем |
141, [3] с. |
| c |
Иллюстрации/тип воспроизводства |
цв. ил. |
| 225 |
Серия |
2_ |
| a |
Серия |
Детское чтение |
| 300 |
Общие примечания |
__ |
| a |
Общие примечания |
Содерж.: Заячьи лапы ; Стальное колечко ; Дремучий медведь ; Растрёпанный воробей и др. |
| 300 |
Общие примечания |
__ |
| a |
Общие примечания |
Произведения печатаются без сокращений |
| 333 |
Примечание о целевом назначении |
__ |
| a |
Примечание о целевом назначении |
6+ |
| 517 |
Другие варианты заглавия |
1_ |
| a |
Другие варианты заглавия |
Теплый хлеб |
| 606 |
Тематические рубрики |
0_ |
| a |
Основная рубрика |
Русская детская литература, 20 в. |
| 610 |
Ключевые слова |
0_ |
| a |
Ключевые слова |
рассказы для детей; авторские сказки; рассказы о животных; рассказы о природе; детское чтение; природа (х. л.); лесные звери (х. л.); произведения школьной программы; книги для внеклассного чтения |
| 686 |
Индексы других классификаций |
__ |
| a |
Классификационный индекс |
Р2 |
| 700 |
Автор |
_1 |
| a |
Фамилия |
Паустовский |
| b |
Имя (инициалы) |
К. Г. |
| g |
Полное личное имя |
Константин Георгиевич |
| 801 |
Источник записи |
_0 |
| a |
Страна |
RU |
| b |
Организация |
УОБДЮ |
| c |
Дата составления |
20250421 |
| g |
Правила каталогизации |
RCR |
| 801 |
Источник записи |
_1 |
| a |
Страна |
RU |
| b |
Организация |
УОБДЮ |
| c |
Дата составления |
20250421 |
| g |
Правила каталогизации |
RCR |
| 830 |
Общее примечание каталогизатора |
__ |
| a |
Текст примечания |
Д |
| 852 |
Данные о местонахождении |
__ |
| i |
Авторский знак |
П 21 |
| j |
Шифр хранения |
Р2 |
| 900 |
Электронные ресурсы |
__ |
| a |
Имя электронного ресурса |
590816 |
| 901 |
Тип документа |
__ |
| t |
Тип документа |
m |
| 902 |
Оглавление книги |
__ |
| a |
Оглавление книги, выполненное каталогизатором |
Заячьи лапы |
| a |
Оглавление книги, выполненное каталогизатором |
Барсучий нос |
| a |
Оглавление книги, выполненное каталогизатором |
Жильцы старого дома |
| a |
Оглавление книги, выполненное каталогизатором |
Стальное колечко |
| a |
Оглавление книги, выполненное каталогизатором |
Дремучий медведь |
| a |
Оглавление книги, выполненное каталогизатором |
Резиновая лодка |
| a |
Оглавление книги, выполненное каталогизатором |
Вода из реки Лимпопо |
| a |
Оглавление книги, выполненное каталогизатором |
Растрёпанный воробей |
| 905 |
Данные по созданию БЗ |
__ |
| b |
Логин пользователя, который создал БЗ |
imm |
| b |
Логин пользователя, который создал БЗ |
o8 |
| a |
Дата создания БЗ |
202505 |
| 909 |
Создатель записи |
__ |
| b |
Дата создания записи |
20250421 |